Statistics for General Knowledge Pictures - Beginning 'J'

Click here to take the quiz!

General Stats

  • This quiz has been taken 116 times
  • The average score is 21 of 28

Answer Stats

Answer% Correct
Jail
99%
Jupiter
98%
Jaguar
97%
Jaw
97%
Jump
96%
Jar
95%
Javelin
94%
Jukebox
87%
Jungle
87%
Jerusalem
86%
Jet Plane
82%
Jacket
78%
Jester
78%
Jewel
78%
Jurassic
78%
Mick Jagger
76%
Jamaica
73%
Java
73%
Jordan
73%
Juggler
72%
Joan of Arc
65%
Thomas Jefferson
63%
Japan
62%
Jogger
62%
Jolly Roger
59%
Jade
55%
Jackfruit
47%
Janus
31%

Score Distribution

Percentile by Number Answered

Percent of People with Each Score

Your Score History

You have not taken this quiz